Arte de proyectar en arquitectura : (Registro nro. 46948)

Detalles MARC
000 -LEADER
campo de control de longitud fija 04324cam a22005294i 4500
003 - IDENTIFICADOR DE NÚMERO DE CONTROL
campo de control PE-LiUPU
005 - FECHA Y HORA DE LA ÚLTIMA TRANSACCIÓN
campo de control 20250731183421.0
008 - DATOS DE LONGITUD FIJA--INFORMACIÓN GENERAL
campo de control de longitud fija 150625s2006 sp a rb 000 0 spa d
020 ## - NÚMERO INTERNACIONAL ESTÁNDAR DEL LIBRO
Número Internacional Estándar del Libro 8425221676
020 ## - NÚMERO INTERNACIONAL ESTÁNDAR DEL LIBRO
Número Internacional Estándar del Libro 9788425221675
035 ## - NÚMERO DE CONTROL DEL SISTEMA
Número de control de sistema (Sirsi) i9788425221675
040 ## - FUENTE DE CATALOGACIÓN
Centro catalogador/agencia de origen PE-LiUPU
Lengua de catalogación spa
Centro/agencia transcriptor PE-LiUPU
Normas de descripción rda
049 ## - FONDOS LOCALES (OCLC)
Biblioteca depositaria PRUA
082 04 - NÚMERO DE LA CLASIFICACIÓN DECIMAL DEWEY
Número de clasificación 729.11
Cutter N48
Número de edición 21
082 04 - NÚMERO DE LA CLASIFICACIÓN DECIMAL DEWEY
Número de clasificación 720.12
Cutter N47 2011
100 1# - ENTRADA PRINCIPAL--NOMBRE DE PERSONA
Nombre de persona Neufert, Ernst,
Término indicativo de función/relación autor.
245 10 - MENCIÓN DEL TÍTULO
Título Arte de proyectar en arquitectura :
Resto del título fundamentos, normas, prescripciones sobre recintos, edificios, exigencias de programa y relaciones espaciales, dimensiones de edificios, locales, estancias, instalaciones y utensilios con el ser humano como medida de objetivo /
Mención de responsabilidad, etc. Ernst Neufert.
250 ## - MENCION DE EDICION
Mención de edición 15a edición.
264 #1 - PRODUCCIÓN, PUBLICACIÓN, DISTRIBUCIÓN, FABRICACIÓN Y COPYRIGHT
Producción, publicación, distribución, fabricación y copyright Barcelona :
Nombre del de productor, editor, distribuidor, fabricante Gustavo Gili,
Fecha de producción, publicación, distribución, fabricación o copyright 2006.
300 ## - DESCRIPCIÓN FÍSICA
Extensión XII, 672 páginas :
Otras características físicas ilustraciones ;
Dimensiones 30 centímetros
336 ## - TIPO DE CONTENIDO
Término de tipo de contenido text
Fuente rdacontent
337 ## - TIPO DE MEDIO
Nombre/término del tipo de medio unmediated
Fuente rdamedia
338 ## - TIPO DE SOPORTE
Nombre/término del tipo de soporte volume
Fuente rdacarrier
504 ## - NOTA DE BIBLIOGRAFÍA, ETC.
Nota de bibliografía, etc. Bibliografía: página 642-651 .
505 0# - NOTA DE CONTENIDO CON FORMATO
Nota de contenido con formato Normas fundamentales -- Dimensiones básicas. Proporciones -- Proyectar -- Ejecución de obras -- Elementos de construcción -- Calefacción -- Ventilación -- Física de la construcción, Protección de edificios -- Alumbrado, Iluminación, Vidrio, Luz natural -- Puertas, Ventanas -- Escaleras -- Ascensores -- Viales. Espacios de circulación -- Jardines. Invernaderos -- Espacios auxiliares en viviendas. Vestíbulos -- Espacios de servicio en viviendas -- Espacios de las viviendas -- Piscinas cubiertas privadas -- Lavanderías. Lavaderos -- Balcones -- Caminos, calles -- Viviendas de vacaciones -- Tipología residencial -- Construcción ecológica -- Construcción en altura -- Rehabilitación de edificios -- Escuelas -- Universidades -- Residencias de estudiantes -- Laboratorios -- Guarderías -- Zonas de juegos -- Albergues juveniles -- Bibliotecas -- Edificios de oficinas -- Bancos -- Pasajes acristalados -- Tipologías -- Tiendas, supermercados y autoservicios -- Técnicas de almacenamiento -- Talleres -- Edificios industriales -- Reutilización de edificios -- Granjas -- Establos -- Ferrocarriles -- Aparcamientos -- Garajes -- Edificios de aparcamiento -- Estaciones de servicios -- Parques de bomberos -- Aeropuertos -- Restaurantes -- Hoteles -- Moteles -- Palacios de congresos -- Zoológicos -- Teatros -- Cines -- Circos -- Centros multifuncionales -- Instalaciones deportivas -- Hospitales, Consultorios médicos -- Construir para los discapacitados -- Residencias de ancianos - -Iglesias, Sinagogas, Mezquitas, Museos -- Cementerios -- Protección contra incendios -- Medidas, Pesos, Normas.
526 ## - NOTA DE INFORMACIÓN SOBRE EL PROGRAMA DE ESTUDIO
Nombre del programa Maestría Bim Facility Management (A distancia)
526 ## - NOTA DE INFORMACIÓN SOBRE EL PROGRAMA DE ESTUDIO
Nombre del programa
526 ## - NOTA DE INFORMACIÓN SOBRE EL PROGRAMA DE ESTUDIO
Nombre del programa Educación musical y artes
526 ## - NOTA DE INFORMACIÓN SOBRE EL PROGRAMA DE ESTUDIO
Nombre del programa Educación, especialidad educación física
526 ## - NOTA DE INFORMACIÓN SOBRE EL PROGRAMA DE ESTUDIO
Nombre del programa Arquitectura
541 ## - NOTA DE FUENTE DE ADQUISICIÓN DIRECTA
-- 001-000377;
541 ## - NOTA DE FUENTE DE ADQUISICIÓN DIRECTA
-- 015-0016383;
596 ## -
-- 1 3
650 14 - PUNTO DE ACCESO ADICIONAL DE MATERIA--TÉRMINO DE MATERIA
Término de materia o nombre geográfico como elemento de entrada Arquitectura
Subdivisión de forma Manuales, etc.
910 ## - DATOS DE OPCIÓN DEL USUARIO (OCLC)
-- jv
-- lch
-- 20080317
910 ## - DATOS DE OPCIÓN DEL USUARIO (OCLC)
-- tqv
-- welc
-- 20170906
910 ## - DATOS DE OPCIÓN DEL USUARIO (OCLC)
Datos de opción del usuario dbm
-- ncf
-- ncf
-- 20190430
942 ## - ELEMENTOS DE ENTRADA SECUNDARIOS (KOHA)
Fuente del sistema de clasificación o colocación Clasificación Decimal Dewey
Tipo de ítem Koha
949 ## - PROCESAMIENTO DE INFORMACIÓN LOCAL (OCLC)
a 729.11 N48
w DEWEY
c 1
i 57966
l CCODEBUL1
m BUL
p 123.00
r 0
s Y
t BOOK
u 2015-6-25
x INGENIERIA
-- P06
0 COMPRA
o .STAFF. Colección General
949 ## - PROCESAMIENTO DE INFORMACIÓN LOCAL (OCLC)
a 729.11 N48
w DEWEY
c 2
i 69690
l CCODEBUL1
m BUL
p 122.00
r 0
s Y
t BOOK
u 2015-6-25
x INGENIERIA
-- P06
0 COMPRA
o .STAFF. Colección Ingeniería y Arquitectura
949 ## - PROCESAMIENTO DE INFORMACIÓN LOCAL (OCLC)
a 720.12 N47 2011
w DEWEY
c 1
i FJ08709
l CCODEBUJ1
m BUJ
p 88.30
r 0
s Y
t BOOK
u 2017-09-06
x INGENIERIA
-- P25
0 COMPRA
o .STAFF. Colección General Juliaca
994 ## -
-- C0
-- PEPRU
999 ## - NÚMEROS DE CONTROL DE SISTEMA (KOHA)
-- DEWEY
-- 57966
-- 2019-3-18
-- 2021-11-10
-- 7
-- CCODEBUL1
-- BUL
-- 7
-- 123.00
-- 6
-- 0
-- Y
-- BOOK
-- 2015-6-25
-- INGENIERIA
-- P06
-- COMPRA
-- .STAFF. Colección General
999 ## - NÚMEROS DE CONTROL DE SISTEMA (KOHA)
-- DEWEY
-- 69690
-- 2022-6-9
-- 2021-11-10
-- 8
-- CCODEBUL1
-- BUL
-- 26
-- 122.00
-- 9
-- 0
-- Y
-- BOOK
-- 2015-6-25
-- INGENIERIA
-- P06
-- COMPRA
-- .STAFF. Colección Ingeniería y Arquitectura
999 ## - NÚMEROS DE CONTROL DE SISTEMA (KOHA)
-- DEWEY
-- FJ08709
-- 2018-9-21
-- 2022-2-1
-- 3
-- CCODEBUJ1
-- BUJ
-- 4
-- 88.30
-- 4
-- 0
-- Y
-- BOOK
-- 2017-9-6
-- INGENIERIA
-- P25
-- COMPRA
-- .STAFF. Colección General Juliaca
980 ## - EQUIVALENCIA O REFERENCIA-CRUZADA-MENCIÓN DE SERIE--NOMBRE DE PERSONA/TÍTULO [LOCAL, CANADÁ]
ID del último usuario que modificó el registro 1
Nombre del último usuario que modificó el registro ALBERTO SANCHEZ Responsable de Automatización
Existencias
Visto por última vez Número de inventario Total de préstamos Signatura topográfica completa Código de barras Fecha del último préstamo Copia número Coste, precio de reemplazo Fecha de reemplazo Facultad Tipo de ítem Koha Nota pública Estado de pérdida Fuente del sistema de clasificación o colocación Restricciones de uso No para préstamo Colección Programa académico Biblioteca de origen Biblioteca actual Ubicación en estantería Fecha de adquisición Fuente de adquisición Coste, precio normal de compra
2025-12-03 8 9 729.11 N48 57966 2024-09-05 e1 128.00 2015-06-25 FIA Libros físicos inventario-2023-12-13 No Perdido Clasificación Decimal Dewey No restringido Disponible para préstamos Colección General Arquitectura Biblioteca CRAI UPeU Lima Biblioteca CRAI UPeU Lima Sala principal 2015-06-25 COMPRA 123.00
2025-12-03 9 27 729.11 N48 69690 2023-09-25 e2 127.00 2015-06-25 FIA Libros físicos inventario-2023-12-13 No Perdido Clasificación Decimal Dewey No restringido Disponible para préstamos Colección General Arquitectura Biblioteca CRAI UPeU Lima Biblioteca CRAI UPeU Lima Sala principal 2015-06-25 COMPRA 122.00